000 00235nam a2200097Ia 4500
001 699438
005 20250826162111.0
008 250824s9999 xx 000 0 und d
245 0 _aHAYAT/A.KULİN/EVEREST
_cAYŞE KULİN
260 _bEVEREST
999 _c699438
_d699438